00370nam a22001337a 4500020001800000082001600018100002300034245005000057260004100107300003200148500001900180650002200199700001500221 a9781449649173 a621.3820286 aSolomon, Michael G aFundamentals of communications and networking aUSAbJones & Bartlett Learningc2013 axv, 484 p. bill. ;e25 cm. aIncludes index aTelecommunication aKim, David